|
|
|
|
| LEADER |
00000naa a2200000uu 4500 |
| 001 |
vtls010948064 |
| 003 |
SK-MaSNL |
| 005 |
20260302125201.0 |
| 008 |
210902|2000 xo |||||||||||||||||eng| |
| 015 |
|
|
|a SNBRA
|
| 035 |
|
|
|a (urnnbn)urn:nbn:sk:snk:ar-a0bhcw
|
| 035 |
|
|
|a (uuid)703f42ec-976d-41bc-8d28-009a20ce17a4
|
| 035 |
|
|
|a urn:nbn:sk:snk-aau9gk
|
| 040 |
|
|
|a SNKBUCL
|b slo
|c SNKBUCL
|e AACR2
|
| 041 |
0 |
|
|a eng
|
| 044 |
|
|
|a xo
|c SK
|
| 100 |
1 |
|
|a Rudinský, Bruno,
|d 1952-
|4 aut
|9 54958
|
| 245 |
1 |
0 |
|a ER-SLOVAKIA SYSTEM
|c Bruno Rudinský, Juraj Gubric, Ľubomíra Rudinská, Martina Gubricová
|
| 700 |
1 |
|
|a Gubric, Juraj
|4 aut
|9 811976
|
| 700 |
1 |
|
|a Rudinská, Ľubomíra
|4 aut
|9 811977
|
| 700 |
1 |
|
|a Gubricová, Martina
|4 aut
|9 811978
|
| 773 |
0 |
|
|t ISTEP 2000
|d Košice : Elfa, 2000, 2000
|g S. 235-237
|z 8088964385
|
| 958 |
|
|
|a OND
|
| 958 |
|
|
|a article11
|
| 958 |
|
|
|a chapter
|
| 999 |
|
|
|c 1292239
|d 1294169
|